| 000 | 01294nam a2200265Ii 4500 | ||
|---|---|---|---|
| 003 | JO-AjNU | ||
| 005 | 20231211123604.0 | ||
| 008 | 230605s9999||||xx |||||||||||||| ||und|| | ||
| 040 |
_aJO-AjNU _bara _erda _cJO-AjNU |
||
| 041 | _aara | ||
| 100 |
_aالمجمع العربي للمحاسبين القانونيين _964954 _eناشر |
||
| 245 |
_aالممارسة المحاسبية المتقدمة، الجزء الاول : الكتاب المقرر للمتقدمين لامتحانات التأهيل للقب محاسب قانوني عربي / _cالمجمع العربي للمحاسبين القانونيين |
||
| 260 |
_aالكويت : _bالمجمع العربي للمحاسبين القانونيين، _c1980 |
||
| 300 | _a744 صفحه | ||
| 336 |
_atext _btxt _2rdacontent |
||
| 337 |
_aunmediated _bn _2rdamedia |
||
| 338 |
_avolume _bnc _2rdacarrier |
||
| 500 | _aيحتوي على جداول وقوائم محاسبية | ||
| 650 | _vالمحاسبة المتقدمة | ||
| 700 |
_aمحمد عطية مطر _964957 _eمترجم |
||
| 700 |
_aحازم يس _964959 _eمترجم مشارك |
||
| 700 |
_aعبد الوهاب خليل _964961 _eمترجم مشارك |
||
| 700 |
_aطلال ابو غزالة الدولية وآخرون ... _964962 _eممول |
||
| 942 |
_2lcc _cBK |
||
| 999 |
_c33096 _d33096 |
||